[Event "Tata Steel IND Rapid Open"]
[Site "Kolkata IND"]
[Date "2023.09.05"]
[Round "1.1"]
[White "Grischuk, Alexander"]
[Black "Vachier-Lagrave, Maxime"]
[Result "1/2-1/2"]
[WhiteTitle "GM"]
[BlackTitle "GM"]
[WhiteElo "2732"]
[BlackElo "2727"]
[WhiteFideId "4126025"]
[BlackFideId "623539"]
[EventDate "2023.09.05"]

1. d4 Nf6 2. Nf3 d5 3. Bf4 c5 4. e3 Nc6 5. Be2 cxd4 6. exd4 Bg4 7. c3 e6 8. Nbd2
Bd6 9. Bxd6 Qxd6 10. O-O O-O 11. Re1 Rae8 12. a4 Ne4 13. Nxe4 dxe4 14. Nd2 Bxe2
15. Qxe2 f5 16. f3 e5 17. Nc4 Qc7 18. dxe5 Nxe5 19. Nxe5 Rxe5 20. fxe4 Rxe4 21.
Qf2 Rxe1+ 22. Rxe1 a6 23. h3 h6 24. Kh1 Kh7 25. Qf3 b5 26. axb5 axb5 27. Qd5 Qc4
28. Qxc4 bxc4 29. Re5 Kg6 30. Rc5 Rb8 31. Rxc4 Rxb2 32. Kh2 Rc2 33. Kg3 Kf6 34.
Kf3 g5 35. Rc6+ Ke5 36. Rc5+ Ke6 37. Rc6+ Ke5 38. Rc5+ Ke6 39. Rc6+ 1/2-1/2

[Event "Tata Steel IND Rapid Open"]
[Site "Kolkata IND"]
[Date "2023.09.05"]
[Round "1.2"]
[White "Vidit, Santosh Gujrathi"]
[Black "Harikrishna, Pentala"]
[Result "1/2-1/2"]
[WhiteTitle "GM"]
[BlackTitle "GM"]
[WhiteElo "2716"]
[BlackElo "2711"]
[WhiteFideId "5029465"]
[BlackFideId "5007003"]
[EventDate "2023.09.05"]

1. d4 d5 2. c4 e6 3. Nf3 Nf6 4. Nc3 Nbd7 5. Bf4 dxc4 6. e3 b5 7. Nxb5 Bb4+ 8.
Nc3 Nd5 9. a3 Nxc3 10. Qd2 Bxa3 11. Qxc3 Bd6 12. Bxd6 cxd6 13. Bxc4 O-O 14. d5
e5 15. O-O a5 16. Ra3 Nb6 17. Nd2 a4 18. Qb4 Rb8 19. Qc3 Bd7 20. e4 Qg5 21. Qe3
Qxe3 22. fxe3 Rfc8 23. Bd3 Kf8 24. Rb1 Ke7 25. Kf2 g6 26. g3 f5 27. exf5 gxf5
28. e4 fxe4 29. Bxe4 h6 30. b3 Rc3 31. Raa1 axb3 32. Rxb3 Rxb3 33. Nxb3 Na4 34.
Nd2 Rb2 35. Ke3 Nc5 36. Rd1 Ra2 37. Bf3 Bf5 38. g4 Bc2 39. Rc1 Ra3+ 40. Ke2 Bd3+
41. Kf2 Bg6 42. Nc4 Ra4 43. Be2 Ra2 44. Ke3 Nb3 45. Rd1 Nd4 46. Rd2 Ra4 47. Bd3
Bf7 48. Rb2 Ra7 49. Rb6 Bxd5 50. Nxd6 Ra3 51. Nc8+ Kf8 52. Nd6 Bf3 53. Nc4 Ra4
54. Nxe5 Bg2 55. Rf6+ Ke7 56. Rf4 Ra5 57. Kxd4 Rd5+ 58. Ke3 Rxe5+ 59. Kf2 Bc6
60. h4 Bd7 61. Bg6 Ra5 62. Rf7+ Kd6 63. g5 Ra2+ 64. Kg3 Ra3+ 65. Kf4 Ra4+ 66.
Be4 hxg5+ 67. hxg5 Be6 68. Rf6 Ke7 69. Ke5 Ra5+ 70. Kf4 Ra4 71. Ke3 Ra3+ 72. Kf2
Ra5 73. Rg6 Bf7 74. Rb6 Rxg5 1/2-1/2

[Event "Tata Steel IND Rapid Open"]
[Site "Kolkata IND"]
[Date "2023.09.05"]
[Round "1.3"]
[White "Gukesh, D"]
[Black "Abdusattorov, Nodirbek"]
[Result "1/2-1/2"]
[WhiteTitle "GM"]
[BlackTitle "GM"]
[WhiteElo "2758"]
[BlackElo "2716"]
[WhiteFideId "46616543"]
[BlackFideId "14204118"]
[EventDate "2023.09.05"]

1. e4 e5 2. Nf3 Nc6 3. Bb5 a6 4. Ba4 Nf6 5. O-O Be7 6. d3 d6 7. c3 O-O 8. Re1 b5
9. Bc2 d5 10. exd5 Qxd5 11. Bg5 Bg4 12. Nbd2 Rad8 13. h3 Bh5 14. Re3 Qd6 15.
Bxf6 Qxf6 16. Qe1 Qh6 17. b4 Bd6 18. a4 f5 19. axb5 axb5 20. Ra6 Be8 21. Bb3+
Kh8 22. Nf1 Nb8 23. Ra5 Bc6 24. N1d2 Nd7 25. Ra6 Nb8 26. Ra2 Qg6 27. Nh4 Qf6 28.
Nhf3 Nd7 29. Ra6 Ba8 30. Ra5 Rb8 31. h4 Qg6 32. Ra6 Bb7 33. Ra5 Nf6 34. Rxe5
Bxe5 35. Qxe5 Ng4 36. Qxc7 Bxf3 37. Nxf3 Rbc8 38. Qf4 Rxc3 39. Bd1 Rxd3 40. Be2
Rb3 41. Rxb5 Rb1+ 42. Bf1 Qa6 43. Qc4 h6 44. Nd2 Qd6 45. Nf3 Qd1 46. Rd5 Qc1 47.
Qd3 Qb2 48. Nd2 Rd1 49. Rxf5 Nf6 50. Nc4 Qc1 51. Qe2 Re8 52. Re5 Rf8 53. Ne3 Rd2
54. Qc4 Qxc4 55. Nxc4 Rd1 56. Ne3 Rd4 57. g3 Rxb4 58. Rf5 Rd8 59. Kg2 Rd2 60.
Bc4 Rbb2 61. Be6 Re2 62. Kf1 Red2 63. Kg2 Rd8 64. Nc4 Re2 65. Re5 Rc2 66. Rf5
Ne4 67. Ne5 Re8 68. Ng6+ Kh7 69. Nf8+ Kh8 70. Ng6+ Kh7 71. Nf8+ Kh8 1/2-1/2

[Event "Tata Steel IND Rapid Open"]
[Site "Kolkata IND"]
[Date "2023.09.05"]
[Round "1.4"]
[White "Erigaisi, Arjun"]
[Black "Keymer, Vincent"]
[Result "0-1"]
[WhiteTitle "GM"]
[BlackTitle "GM"]
[WhiteElo "2712"]
[BlackElo "2717"]
[WhiteFideId "35009192"]
[BlackFideId "12940690"]
[EventDate "2023.09.05"]

1. d4 Nf6 2. Nc3 d5 3. Bf4 c5 4. e3 cxd4 5. exd4 Bg4 6. Be2 Bxe2 7. Qxe2 a6 8.
g4 h6 9. O-O-O e6 10. h4 Nc6 11. Qf3 g6 12. Nge2 Be7 13. Qg3 b5 14. Kb1 Rc8 15.
Nc1 b4 16. N3e2 h5 17. g5 Ne4 18. Qe3 Nd6 19. Bxd6 Bxd6 20. Nd3 a5 21. f4 Ne7
22. Rc1 O-O 23. Ne5 a4 24. c3 Nf5 25. Qd3 Bxe5 26. fxe5 Qb6 27. cxb4 Qxb4 28. a3
Qb7 29. Rc5 Rb8 30. b4 axb3 31. Ng3 Nxg3 32. Qxg3 Qa6 33. Qf2 Ra8 34. Qb2 Qd3+
35. Ka1 Rxa3+ 36. Qxa3 Qxd4+ 37. Kb1 Qe4+ 38. Kb2 Qg2+ 39. Kc3 Qxh1 40. Qb4 Qb1
41. Qxb3 Qc1+ 42. Qc2 Qe3+ 43. Kb4 Qd4+ 44. Ka5 Qa1+ 45. Kb6 Rb8+ 46. Kc6 Qa8+
47. Kd6 Rd8+ 48. Ke7 Re8+ 49. Kd7 Qd8+ 50. Kc6 Qc8+ 51. Kb6 Qb8+ 52. Kc6 Rc8+
53. Kd7 Qb7+ 54. Rc7 Rxc7+ 55. Qxc7 Qxc7+ 56. Ke8 Qxe5 0-1

[Event "Tata Steel IND Rapid Open"]
[Site "Kolkata IND"]
[Date "2023.09.05"]
[Round "1.5"]
[White "Radjabov, Teimour"]
[Black "Praggnanandhaa, R"]
[Result "0-1"]
[WhiteTitle "GM"]
[BlackTitle "GM"]
[WhiteElo "2745"]
[BlackElo "2727"]
[WhiteFideId "13400924"]
[BlackFideId "25059530"]
[EventDate "2023.09.05"]

1. d4 Nf6 2. c4 e6 3. Nf3 Bb4+ 4. Bd2 Qe7 5. g3 Bxd2+ 6. Qxd2 Nc6 7. Nc3 d5 8.
Bg2 dxc4 9. O-O O-O 10. e4 Rb8 11. Rfe1 Rd8 12. Rad1 b5 13. a3 a5 14. Nd5 exd5
15. exd5 Qd6 16. dxc6 b4 17. Ne5 Be6 18. axb4 Qxb4 19. Qxb4 axb4 20. d5 Nxd5 21.
Nxc4 Kf8 22. h3 Ra8 23. Ra1 b3 24. Ne5 Rxa1 25. Rxa1 Ke7 26. Ra7 Kd6 27. Nc4+
Kc5 28. Nd2 Nf6 29. Ne4+ Nxe4 30. Bxe4 Rd1+ 31. Kg2 Kd6 32. Ra8 Ke5 33. Kf3 Re1
34. Ra5+ Kd6 35. g4 h6 36. Rb5 Bc4 37. Rb4 Kc5 38. Rb7 Kd6 39. Rb4 Be6 40. Rd4+
Ke5 41. Rb4 g5 42. Rb5+ Kd4 43. Rb4+ Bc4 44. Ra4 Kc5 45. Ra7 Kd6 46. Ra4 Be2+
47. Kg3 Bb5 48. Rd4+ Kc5 49. Rd5+ Kb6 50. Rd4 Rg1+ 51. Kf3 Rh1 52. Kg3 Rc1 53.
Kf3 Bc4 54. Ke3 Kc5 55. Rd7 Re1+ 56. Kf3 Kb6 57. Rd4 Be6 58. Rb4+ Kc5 59. Rb7
Kd6 60. Rb4 Rh1 61. Rd4+ Ke5 62. Rd2 Re1 0-1

[Event "Tata Steel IND Rapid Open"]
[Site "Kolkata IND"]
[Date "2023.09.05"]
[Round "2.1"]
[White "Keymer, Vincent"]
[Black "Radjabov, Teimour"]
[Result "0-1"]
[WhiteTitle "GM"]
[BlackTitle "GM"]
[WhiteElo "2717"]
[BlackElo "2745"]
[WhiteFideId "12940690"]
[BlackFideId "13400924"]
[EventDate "2023.09.05"]

1. d4 Nf6 2. c4 e6 3. Bf4 d5 4. cxd5 exd5 5. e3 Bd6 6. Bxd6 Qxd6 7. Bd3 O-O 8.
Nc3 c6 9. h3 Re8 10. Qc2 Nbd7 11. Nf3 Nf8 12. O-O-O Be6 13. Kb1 Rac8 14. g4 a6
15. Rc1 c5 16. dxc5 Rxc5 17. Nd4 Rec8 18. f4 b5 19. a3 Rxc3 20. bxc3 Qxa3 21.
Qb2 Qe7 22. Rhe1 Bd7 23. Qb4 Qe8 24. Nb3 Ne6 25. Kb2 Qd8 26. g5 Ne8 27. h4 Qb6
28. Qe7 Nf8 29. Qe5 Nd6 30. Qd4 Qc6 31. e4 Nc4+ 32. Kb1 Qd6 33. Bxc4 bxc4 34.
Qxd5 Qa3 35. Qa5 Qxb3+ 36. Ka1 Ne6 37. Rb1 Nc5 38. Rb2 Bb5 39. f5 Re8 40. e5
Qa4+ 41. Qxa4 Nxa4 42. Rd2 Nc5 43. Rd5 Nd3 44. Re3 Kf8 45. Ka2 Bc6 46. Rd6 Rxe5
47. Rxe5 Nxe5 48. Rd8+ Ke7 49. Rh8 Be4 50. Rxh7 Bxf5 51. Rh8 g6 52. Ka3 Be6 53.
Kb4 Nd3+ 54. Ka5 Nc5 55. Kb4 Kd6 56. Rd8+ Kc6 57. Re8 Kb6 58. Rb8+ Nb7 59. Rh8
a5+ 60. Ka3 Bg4 61. Rb8 Kc7 62. Ra8 Bd7 63. Rh8 Nd6 64. Ra8 Kb6 65. Rb8+ Kc5 66.
Ra8 Nb5+ 67. Kb2 Kb6 68. Rb8+ Ka7 69. Rh8 Be6 70. h5 gxh5 71. Rxh5 Kb6 72. Rh6
Nc7 73. g6 fxg6 74. Rxg6 Kb5 75. Rg7 Kc6 76. Rg6 Kc5 77. Rg3 Bd5 78. Rg6 a4 79.
Ka3 Nb5+ 80. Kxa4 Nxc3+ 81. Ka3 Nb5+ 82. Kb2 c3+ 83. Kc1 Nd4 84. Rg7 Kb4 85. Rg4
Kc4 86. Rh4 Kd3 87. Rh2 Bf3 88. Kb1 Ne2 0-1

[Event "Tata Steel IND Rapid Open"]
[Site "Kolkata IND"]
[Date "2023.09.05"]
[Round "2.2"]
[White "Vachier-Lagrave, Maxime"]
[Black "Praggnanandhaa, R"]
[Result "1/2-1/2"]
[WhiteTitle "GM"]
[BlackTitle "GM"]
[WhiteElo "2727"]
[BlackElo "2727"]
[WhiteFideId "623539"]
[BlackFideId "25059530"]
[EventDate "2023.09.05"]

1. e4 c5 2. Nf3 Nc6 3. d4 cxd4 4. Nxd4 Nf6 5. Nc3 e5 6. Ndb5 d6 7. Nd5 Nxd5 8.
exd5 Nb8 9. a4 Be7 10. Be2 O-O 11. Bd2 Bf5 12. O-O Nd7 13. a5 a6 14. Na3 Rc8 15.
Nc4 Rc7 16. f4 Be4 17. fxe5 Nxe5 18. Nxe5 Bxc2 19. Nxf7 Rxf7 20. Qe1 Bh4 21. g3
Bf6 22. Bg4 Bd4+ 23. Kg2 Rxf1 24. Qxf1 Bxb2 25. Re1 Bf6 26. Be3 Bg6 27. Bb6 Rc2+
28. Re2 Rxe2+ 29. Qxe2 Qf8 30. h4 Be5 31. Be6+ Kh8 32. Qf3 Qe8 33. g4 h5 34. g5
Kh7 35. Bf2 Qa4 36. Bf5 Bxf5 37. Qxf5+ g6 38. Qf7+ Bg7 39. Bg3 Qb4 40. Kh3 Qg4+
41. Kh2 Qb4 42. Kh3 Qxa5 43. Bxd6 Qe1 44. Bg3 Qh1+ 45. Bh2 Qe4 46. Bg3 Qh1+ 47.
Bh2 Qe4 48. Bg3 1/2-1/2

[Event "Tata Steel IND Rapid Open"]
[Site "Kolkata IND"]
[Date "2023.09.05"]
[Round "2.3"]
[White "Abdusattorov, Nodirbek"]
[Black "Erigaisi, Arjun"]
[Result "1-0"]
[WhiteTitle "GM"]
[BlackTitle "GM"]
[WhiteElo "2716"]
[BlackElo "2712"]
[WhiteFideId "14204118"]
[BlackFideId "35009192"]
[EventDate "2023.09.05"]

1. d4 d5 2. Nf3 Nf6 3. Bg5 Ne4 4. Bh4 c5 5. e3 cxd4 6. exd4 Qb6 7. Nc3 e6 8. Bd3
Qxb2 9. Nxe4 dxe4 10. Bxe4 Qc3+ 11. Ke2 Nc6 12. Qd2 Bb4 13. Qxc3 Bxc3 14. Rab1
f5 15. Bxc6+ bxc6 16. Rb3 Ba5 17. Rhb1 Bc7 18. Rc3 Kd7 19. Ne5+ Bxe5 20. dxe5
Rb8 21. Rd1+ Kc7 22. Be7 Rb2 23. Ba3 Rb6 24. Bd6+ Kb7 25. Bc5 Rb2 26. Rb3+ Rxb3
27. axb3 g5 28. Rd4 h6 29. Kd3 Rh7 30. Ra4 Rd7+ 31. Kc4 Ka8 32. Bd6 Rb7 33. Kc5
Rb5+ 34. Kxc6 Rb6+ 35. Kc7 Bb7 36. Rxa7+ Kxa7 37. Bc5 Bxg2 38. Bxb6+ Ka8 39. c4
f4 40. c5 g4 41. c6 h5 42. Kd7 h4 43. c7 Bb7 44. c8=Q+ Bxc8+ 45. Kxc8 h3 46. Kd7
Kb7 47. Bd4 g3 48. fxg3 fxg3 49. Bg1 1-0

[Event "Tata Steel IND Rapid Open"]
[Site "Kolkata IND"]
[Date "2023.09.05"]
[Round "2.4"]
[White "Harikrishna, Pentala"]
[Black "Gukesh, D"]
[Result "0-1"]
[WhiteTitle "GM"]
[BlackTitle "GM"]
[WhiteElo "2711"]
[BlackElo "2758"]
[WhiteFideId "5007003"]
[BlackFideId "46616543"]
[EventDate "2023.09.05"]

1. d4 Nf6 2. Nf3 d5 3. e3 c6 4. h3 Bf5 5. Nh4 Bd7 6. Bd3 c5 7. c3 Nc6 8. Nf3 Qc7
9. Nbd2 e5 10. e4 cxd4 11. cxd4 Nb4 12. Bb1 dxe4 13. Nxe5 Rc8 14. Nxd7 Kxd7 15.
Nxe4 Qxc1 16. Nc5+ Rxc5 17. Bf5+ Rxf5 18. Rxc1 Bd6 19. O-O Rb8 20. Re1 Nc6 21.
Rc3 Rd5 22. Rf3 Rd8 23. Rxf6 gxf6 24. Qf3 Kc7 25. Qxf6 Rd7 26. g3 Nxd4 27. Kg2
Nc6 28. Re2 Be5 29. Qh6 f5 30. Rc2 f4 31. g4 Kb8 32. f3 a6 33. h4 Ka7 34. g5 Nb4
35. Re2 Nxa2 36. Qe6 Bc7 37. Qf6 Nb4 38. Kh3 Nc6 39. b4 Ne5 40. Qxf4 Ng6 41.
Qe3+ Bb6 42. Qc1 Rd1 43. Qc2 Rh1+ 44. Rh2 Rg1 45. Rd2 Nf4+ 46. Kh2 Rxd2+ 47.
Qxd2 Rg2+ 48. Qxg2 Nxg2 49. Kxg2 Be3 50. Kg3 b6 51. f4 a5 52. bxa5 bxa5 0-1

[Event "Tata Steel IND Rapid Open"]
[Site "Kolkata IND"]
[Date "2023.09.05"]
[Round "2.5"]
[White "Grischuk, Alexander"]
[Black "Vidit, Santosh Gujrathi"]
[Result "1/2-1/2"]
[WhiteTitle "GM"]
[BlackTitle "GM"]
[WhiteElo "2732"]
[BlackElo "2716"]
[WhiteFideId "4126025"]
[BlackFideId "5029465"]
[EventDate "2023.09.05"]

1. Nf3 Nf6 2. d4 d5 3. e3 c5 4. Be2 Nc6 5. O-O e6 6. a3 b6 7. c4 Bb7 8. Nc3 Bd6
9. cxd5 exd5 10. b3 O-O 11. Bb2 Rc8 12. Rc1 Re8 13. dxc5 bxc5 14. Re1 d4 15. Nb5
Bf8 16. exd4 a6 17. dxc5 Qxd1 18. Rcxd1 axb5 19. b4 Ba6 20. Bf1 Rxe1 21. Nxe1
Ne8 22. Nf3 g6 23. Ne5 Nxe5 24. Bxe5 Bg7 25. f4 Bxe5 26. fxe5 Kf8 27. Rd7 Rc7
28. Rd8 Ra7 29. Rb8 Ke7 30. Bxb5 Bxb5 31. Rxb5 Nc7 32. Rb8 Rxa3 33. Rb7 Kd8 34.
b5 Rc3 35. b6 Ne6 36. Rxf7 Rxc5 37. b7 Rb5 38. Rxh7 Nc5 39. Rg7 Nd3 40. h3 Nxe5
41. Kf2 Rb3 42. Ke2 Rb6 43. Ke3 Nd7 44. Kf4 Ke8 45. b8=Q+ Nxb8 46. Kg5 Rb2 47.
g4 Nc6 48. Rxg6 Ne7 49. Re6 Kf7 50. Re5 Ng6 51. Rf5+ Kg7 52. Ra5 Nh8 53. h4 Nf7+
54. Kh5 Rb7 55. g5 Nh8 56. Ra6 Rc7 57. Rb6 Ra7 58. Rc6 Kh7 59. Rh6+ Kg8 60. Rb6
Kg7 61. Rc6 Nf7 62. Rg6+ Kf8 63. Re6 Ra4 64. Rb6 Rd4 65. Kg6 Nh8+ 66. Kh5 Kg7
67. Rb7+ Nf7 68. Ra7 Rc4 69. Rb7 Ra4 70. Rc7 1/2-1/2

[Event "Tata Steel IND Rapid Open"]
[Site "Kolkata IND"]
[Date "2023.09.05"]
[Round "3.1"]
[White "Gukesh, D"]
[Black "Grischuk, Alexander"]
[Result "1/2-1/2"]
[WhiteTitle "GM"]
[BlackTitle "GM"]
[WhiteElo "2758"]
[BlackElo "2732"]
[WhiteFideId "46616543"]
[BlackFideId "4126025"]
[EventDate "2023.09.05"]

1. d4 Nf6 2. c4 e6 3. g3 d5 4. Bg2 Be7 5. Nf3 O-O 6. O-O dxc4 7. Qc2 a6 8. a4
Bd7 9. Qxc4 Bc6 10. Bg5 Nbd7 11. Nc3 h6 12. Bxf6 Nxf6 13. a5 Qd6 14. Rfd1 Rfd8
15. e3 Rab8 16. Qe2 Bf8 17. h4 Qe7 18. Rd2 Ne4 19. Rc2 Nf6 20. Rcc1 Be8 21. Na4
Bb5 22. Qc2 c6 23. Nc3 Nd5 24. Nxb5 axb5 25. Ne5 Nb4 26. Qe2 Ra8 27. Be4 Ra6 28.
Qf3 Qf6 29. Qh5 Bd6 30. f4 Nd5 31. Qf3 Bxe5 32. dxe5 Qe7 33. g4 Qxh4 34. Rc2 Qe7
35. g5 g6 36. gxh6 Kh7 37. Qg3 Rg8 38. Kf2 Raa8 39. Kf3 Rad8 40. Qg5 Qb4 41.
Bxd5 exd5 42. Re2 Qe4+ 43. Kg3 Qf5 44. a6 Qd3 45. Kf2 d4 46. axb7 dxe3+ 47. Rxe3
Qc2+ 48. Re2 Rd2 49. Re1 Qc5+ 50. Kg2 Qd5+ 51. Kh2 Qd3 52. Qg2 Rxe2 53. Rxe2 Qd7
54. Qg5 Qxb7 55. e6 Re8 56. e7 Qd7 57. Qe5 Kxh6 58. Re3 Qd2+ 59. Re2 Qd5 60.
Qxd5 cxd5 61. Re5 b4 62. Kg3 f6 63. Rxd5 Rxe7 64. Kf3 Rb7 65. Rd6 f5 66. Rd8 b3
67. Rc8 Rb4 68. Rh8+ Kg7 69. Rc8 Rb6 70. Rd8 Kf6 71. Rd7 g5 72. fxg5+ Kxg5 73.
Rg7+ Kf6 74. Rd7 Rb4 75. Rd3 Kg5 76. Rc3 Rb8 77. Rd3 Kf6 78. Rd5 Ke6 79. Rc5 Rb4
80. Rc3 Kd5 81. Kf2 Ke4 82. Ke2 Kf4 83. Kf2 Kg4 84. Rg3+ Kf4 85. Rc3 Ke5 86.
Re3+ Kd4 87. Rc3 Ke4 88. Re3+ Kf4 89. Rf3+ Kg5 90. Rg3+ Kf6 91. Rc3 f4 92. Kg2
Kf5 93. Kf2 Ke4 94. Ke2 Kf5 95. Kf2 Kg4 96. Kg2 Rb8 97. Kf2 1/2-1/2

[Event "Tata Steel IND Rapid Open"]
[Site "Kolkata IND"]
[Date "2023.09.05"]
[Round "3.2"]
[White "Erigaisi, Arjun"]
[Black "Harikrishna, Pentala"]
[Result "1-0"]
[WhiteTitle "GM"]
[BlackTitle "GM"]
[WhiteElo "2712"]
[BlackElo "2711"]
[WhiteFideId "35009192"]
[BlackFideId "5007003"]
[EventDate "2023.09.05"]

1. e4 e5 2. Nf3 Nc6 3. Bc4 Bc5 4. c3 Nf6 5. d3 d6 6. Bg5 h6 7. Bh4 a6 8. Nbd2
Ba7 9. O-O O-O 10. a4 Qe7 11. b4 Be6 12. Re1 Bxc4 13. Nxc4 Qe6 14. Ne3 Ne7 15.
d4 Ng6 16. Bxf6 Qxf6 17. g3 c6 18. Kg2 Rfe8 19. Qd3 h5 20. Nc4 Rad8 21. h4 exd4
22. cxd4 d5 23. exd5 Rxe1 24. Rxe1 Rxd5 25. Re8+ Nf8 26. Ng5 Qf5 27. Qxf5 Rxf5
28. Nd6 1-0

[Event "Tata Steel IND Rapid Open"]
[Site "Kolkata IND"]
[Date "2023.09.05"]
[Round "3.3"]
[White "Vidit, Santosh Gujrathi"]
[Black "Vachier-Lagrave, Maxime"]
[Result "0-1"]
[WhiteTitle "GM"]
[BlackTitle "GM"]
[WhiteElo "2716"]
[BlackElo "2727"]
[WhiteFideId "5029465"]
[BlackFideId "623539"]
[EventDate "2023.09.05"]

1. e4 c5 2. Nf3 d6 3. d4 cxd4 4. Nxd4 Nf6 5. Nc3 a6 6. Bg5 Nbd7 7. a3 g6 8. Bc4
Bg7 9. f3 O-O 10. Qd2 Ne5 11. Bb3 Bd7 12. O-O-O Rc8 13. h4 Nc4 14. Qd3 b5 15. g4
h6 16. Be3 Nxe3 17. Qxe3 Qa5 18. Nde2 b4 19. axb4 Qa1+ 20. Kd2 Qxb2 21. Ra1 Rxc3
22. Nxc3 Rc8 23. e5 dxe5 24. g5 e4 25. gxf6 Bxf6 26. Nxe4 Bd4 27. Qxh6 Bg7 28.
Qe3 Bb5 29. Rhb1 Qe5 30. Kc1 Rd8 31. c3 Qh2 32. Bc2 f5 33. Ng5 Bc4 34. Kb2 Rd3
35. Qe1 Rxc3 36. Qxc3 Bxc3+ 37. Kxc3 Qxh4 38. Rg1 Bd5 39. Bb3 Qh8+ 40. Kc2 Qh2+
41. Kc3 Qe5+ 42. Kd3 Bxb3 43. Ra5 Qb2 44. Nh3 Kf7 45. Ke3 Bc4 46. Rc5 Qxb4 47.
Rc6 Bd5 48. Ng5+ Kg7 49. Rcc1 f4+ 50. Kd3 a5 51. Rge1 a4 52. Re5 Qd6 53. Rce1 e6
54. Kc3 Qa3+ 55. Kc2 Qb3+ 56. Kd2 Kf6 57. Ne4+ Bxe4 58. R5xe4 g5 59. Rh1 Qxf3
60. Rh6+ Kf5 61. Rexe6 Qd5+ 0-1

[Event "Tata Steel IND Rapid Open"]
[Site "Kolkata IND"]
[Date "2023.09.05"]
[Round "3.4"]
[White "Radjabov, Teimour"]
[Black "Abdusattorov, Nodirbek"]
[Result "1-0"]
[WhiteTitle "GM"]
[BlackTitle "GM"]
[WhiteElo "2745"]
[BlackElo "2716"]
[WhiteFideId "13400924"]
[BlackFideId "14204118"]
[EventDate "2023.09.05"]

1. d4 Nf6 2. c4 e6 3. Nf3 d5 4. Nc3 c5 5. cxd5 Nxd5 6. e4 Nxc3 7. bxc3 cxd4 8.
cxd4 Bb4+ 9. Bd2 Bxd2+ 10. Qxd2 O-O 11. Bc4 Nd7 12. O-O b6 13. Rad1 Bb7 14. Rfe1
Rc8 15. Bb3 h6 16. h3 Re8 17. Re3 Nf6 18. Qe2 Qc7 19. Ne5 b5 20. Ng4 Nxg4 21.
hxg4 b4 22. d5 exd5 23. exd5 Qd7 24. d6 Kf8 25. g5 Qc6 26. Bd5 Rxe3 27. Qxe3
Qxd6 28. gxh6 gxh6 29. Bf3 Qa6 30. Bxb7 Qxb7 31. Qxh6+ Ke8 32. Qh8+ Ke7 33. Re1+
Kd7 34. Qf6 1-0

[Event "Tata Steel IND Rapid Open"]
[Site "Kolkata IND"]
[Date "2023.09.05"]
[Round "3.5"]
[White "Praggnanandhaa, R"]
[Black "Keymer, Vincent"]
[Result "0-1"]
[WhiteTitle "GM"]
[BlackTitle "GM"]
[WhiteElo "2727"]
[BlackElo "2717"]
[WhiteFideId "25059530"]
[BlackFideId "12940690"]
[EventDate "2023.09.05"]

1. Nf3 Nf6 2. g3 c5 3. Bg2 Nc6 4. c4 d5 5. cxd5 Nxd5 6. Nc3 g6 7. Qb3 Ndb4 8.
Ne4 Bg7 9. Nxc5 Qa5 10. Qc4 b6 11. Nb3 Qa6 12. Ne5 Qxc4 13. Nxc4 Be6 14. d3 Rc8
15. O-O b5 16. Ne3 O-O 17. Bd2 Bxb2 18. Rab1 Bg7 19. a3 Na2 20. Nc5 Nd4 21. Nxe6
fxe6 22. Rfe1 Nc3 23. Bxc3 Rxc3 24. Ra1 a5 25. Be4 a4 26. Ra2 Rfc8 27. Kg2 Be5
28. Rea1 Kg7 29. h4 Bd6 30. h5 gxh5 31. Nd1 Rc2 32. Rxc2 Nxc2 33. Ra2 Nxa3 34.
d4 b4 35. Nb2 b3 36. Ra1 Nb5 37. Nxa4 Nxd4 38. e3 Nc2 39. Rb1 Rc4 40. Rxb3 Rxe4
41. Nc3 Rb4 42. Rxb4 Nxb4 43. Ne4 Nd5 44. Ng5 Nc7 45. Kh3 Kg6 46. Nf3 Nd5 47.
Nd4 Kf7 48. Nf3 e5 0-1

[Event "Tata Steel IND Rapid Open"]
[Site "Kolkata IND"]
[Date "2023.09.06"]
[Round "4.1"]
[White "Vachier-Lagrave, Maxime"]
[Black "Keymer, Vincent"]
[Result "1-0"]
[WhiteTitle "GM"]
[BlackTitle "GM"]
[WhiteElo "2727"]
[BlackElo "2717"]
[WhiteFideId "623539"]
[BlackFideId "12940690"]
[EventDate "2023.09.05"]

1. e4 e5 2. Nf3 Nc6 3. d4 exd4 4. Nxd4 Nf6 5. Nxc6 bxc6 6. e5 Qe7 7. Qe2 Nd5 8.
h4 Qe6 9. Nd2 Nb4 10. Nf3 Ba6 11. c4 c5 12. a3 Nc6 13. Bd2 Be7 14. Bc3 f6 15.
O-O-O O-O-O 16. exf6 Qxe2 17. Bxe2 Bxf6 18. Bxf6 gxf6 19. Rhe1 d6 20. Kd2 Bb7
21. g3 a5 22. Kc3 Ne5 23. Ng1 Rhg8 24. Nh3 Bc6 25. Nf4 Kb7 26. Bd3 h6 27. Bf5 a4
28. Nd5 Bxd5 29. cxd5 Nf3 30. Re4 Nd4 31. Rdxd4 cxd4+ 32. Rxd4 c6 33. dxc6+ Kxc6
34. Rxa4 Rge8 35. Rf4 Re5 36. Bd3 Rf8 37. b4 Re1 38. a4 d5 39. a5 Kd6 40. a6
Rc1+ 41. Kb2 Rd1 42. Rf3 Kc7 43. Kc3 Rb8 44. Rxf6 d4+ 45. Kc2 Ra1 46. b5 Rb6 47.
Rf7+ Kd6 48. a7 Ke6 49. Rh7 Ke5 50. f3 Ra2+ 51. Kb3 Ra1 52. Kb4 Ra2 53. Kc5 1-0

[Event "Tata Steel IND Rapid Open"]
[Site "Kolkata IND"]
[Date "2023.09.06"]
[Round "4.2"]
[White "Harikrishna, Pentala"]
[Black "Radjabov, Teimour"]
[Result "0-1"]
[WhiteTitle "GM"]
[BlackTitle "GM"]
[WhiteElo "2711"]
[BlackElo "2745"]
[WhiteFideId "5007003"]
[BlackFideId "13400924"]
[EventDate "2023.09.05"]

1. d4 Nf6 2. Nf3 d5 3. c4 e6 4. Nc3 Be7 5. cxd5 exd5 6. Bf4 c6 7. e3 Bf5 8. Nh4
Bg6 9. Nxg6 hxg6 10. h4 Nbd7 11. Bd3 Nf8 12. Qf3 Ne6 13. O-O-O Nxf4 14. Qxf4 Qd6
15. Qf3 O-O-O 16. g4 Rdf8 17. h5 g5 18. Kb1 Kb8 19. Ne2 Ne8 20. Ng3 Qf6 21. Qxf6
Bxf6 22. Nf5 Kc7 23. Rc1 Nd6 24. Ng3 Kd7 25. Rc3 a6 26. Rhc1 Rb8 27. Nf1 Rhe8
28. Nd2 Ke7 29. Nb3 Rec8 30. a4 Ke8 31. f3 Rd8 32. e4 Nc8 33. e5 Be7 34. a5 Na7
35. R3c2 Kf8 36. Rf1 Kg8 37. f4 gxf4 38. Rxf4 b6 39. axb6 Rxb6 40. Nc5 Bxc5 41.
Rxc5 Rdb8 42. Rf2 Rb4 43. Rd2 R8b6 44. g5 Nc8 45. Ra5 Ne7 46. Rxa6 Rxa6 47. Bxa6
Nf5 48. Kc2 Nxd4+ 49. Kb1 Nf3 50. Rc2 Nxe5 51. Re2 Re4 52. Rxe4 dxe4 53. Kc2 Nf3
54. g6 fxg6 55. hxg6 Kf8 56. Bb7 Ke7 57. Kc3 Kd6 58. b4 e3 59. Kd3 Nd4 60. Kxe3
Nc2+ 61. Ke4 Nxb4 62. Kd4 Kc7 63. Ba8 Kb8 64. Bxc6 Nxc6+ 65. Kd5 Kc7 66. Ke6
Nd4+ 67. Ke5 Ne2 68. Ke6 Ng3 69. Kf7 Nh5 0-1

[Event "Tata Steel IND Rapid Open"]
[Site "Kolkata IND"]
[Date "2023.09.06"]
[Round "4.3"]
[White "Abdusattorov, Nodirbek"]
[Black "Praggnanandhaa, R"]
[Result "0-1"]
[WhiteTitle "GM"]
[BlackTitle "GM"]
[WhiteElo "2716"]
[BlackElo "2727"]
[WhiteFideId "14204118"]
[BlackFideId "25059530"]
[EventDate "2023.09.05"]

1. c4 Nf6 2. g3 c5 3. Bg2 d5 4. cxd5 Nxd5 5. Nc3 Nc7 6. Nf3 Nc6 7. O-O e5 8. a3
Rb8 9. Rb1 Be7 10. b4 cxb4 11. axb4 b5 12. Bb2 O-O 13. Ne4 Bb7 14. Nxe5 Nxb4 15.
d4 Ne6 16. e3 a5 17. Ba3 Ba8 18. Qe2 Nc6 19. Nf6+ Bxf6 20. Nxc6 Bxc6 21. Bxc6 b4
22. Bb2 Qd6 23. Rbc1 Rfc8 24. Ba4 Qd5 25. h4 g6 26. Rfd1 Bg7 27. Rc2 h5 28. Rdc1
Rxc2 29. Qxc2 b3 30. Qc6 Qf5 31. Kg2 g5 32. Qf3 Qg6 33. hxg5 Nxg5 34. Qd5 h4 35.
Bxb3 hxg3 36. f3 a4 37. f4 Rxb3 38. fxg5 Rxb2+ 39. Kxg3 Bf6 40. Rc5 Kg7 41. Kf4
Rf2+ 42. Kg3 Re2 43. Kf4 Rf2+ 44. Kg3 Rf1 45. Kg2 Rb1 46. Kf2 Rb2+ 47. Kg3 a3
48. Kf4 Rf2+ 49. Kg3 a2 50. Ra5 Rf5 51. Qxf5 Qxf5 52. Rxf5 Bxd4 53. exd4 a1=Q
54. Rd5 Kg6 55. Kf4 Qc1+ 56. Kg4 Qg1+ 57. Kf4 Qf2+ 58. Ke5 Kxg5 59. Rc5 f5 60.
Ke6 Kg4 61. Rd5 f4 62. Rd8 f3 63. Rg8+ Kf4 64. Rf8+ Ke4 65. d5 Qa2 0-1